| 000 | 00580nam a22001817a 4500 | ||
|---|---|---|---|
| 005 | 20231122063815.0 | ||
| 008 | 231122b |||||||| |||| 00| 0 eng d | ||
| 020 | _a0409050490 | ||
| 041 | _aEnglish | ||
| 082 | _a342 RAU | ||
| 100 |
_aRautenbach, IM and Malherbe, EFJ _lEnglish |
||
| 245 |
_aConstitutional Law / _cIM Rautenbach and EFJ Malherbe |
||
| 250 | _aRevised Second Edition | ||
| 260 |
_aDurban : _bButterworth Publishers (Pty) Ltd, _c1997 |
||
| 300 |
_bxii, 374 pages ; _c25 cm. |
||
| 650 |
_aLegal practice _bLaw |
||
| 942 |
_cBK _6ALISON_BN_VRIES |
||
| 999 |
_c857 _d857 |
||